| 000 | 00390nam a2200145Ia 4500 | ||
|---|---|---|---|
| 008 | 220217s9999||||xx |||||||||||||| ||und|| | ||
| 020 | _a81-203-2799-3 | ||
| 082 | _a658.403 8 KOT | ||
| 100 | _aKotler, Philip, Lane Keller, Kevin | ||
| 245 | 0 | _aMarketing management | |
| 250 | _a12th | ||
| 260 |
_aPrentice hall of india _bNew Delhi _c2007 |
||
| 300 | _b495 | ||
| 650 | _aMANAGEMENT | ||
| 999 |
_c175933 _d175933 |
||